ბათუმის შოთა რუსთაველის სახელმწიფო უნივერსიტეტის ბიბლიოთეკა

მუნიციპალური განვითარების სოციალური და ეკონომიკური პრობლემები (ბიბ.ჩანაწერი № 34944)

000 -LEADER
fixed length control field 01004nam a2200229Ia 4500
001 - CONTROL NUMBER
control field 773
003 - CONTROL NUMBER IDENTIFIER
control field GE_BSU
008 - FIXED-LENGTH DATA ELEMENTS--GENERAL INFORMATION
fixed length control field 181216s||||||||xx |||||||||||||| ||und||
040 ## - CATALOGING SOURCE
Transcribing agency GE_BSU
080 ## - UNIVERSAL DECIMAL CLASSIFICATION NUMBER
Universal Decimal Classification number 332
100 ## - MAIN ENTRY--PERSONAL NAME
Personal name ბოლაშვილი,პაატა
245 ## - TITLE STATEMENT
Title მუნიციპალური განვითარების სოციალური და ეკონომიკური პრობლემები
245 ## - TITLE STATEMENT
Remainder of title საქართველოს მუნიციპალური პროგრამათა განხორციელების საკოორდინაციო ცენტრი
245 ## - TITLE STATEMENT
Statement of responsibility, etc. რედ.ნ.ჭითანავა
260 ## - PUBLICATION, DISTRIBUTION, ETC.
Place of publication, distribution, etc. თბილისი
260 ## - PUBLICATION, DISTRIBUTION, ETC.
Name of publisher, distributor, etc. შპს"ფორმა
260 ## - PUBLICATION, DISTRIBUTION, ETC.
Date of publication, distribution, etc. 2000
300 ## - PHYSICAL DESCRIPTION
Extent 301გვ.
653 ## - INDEX TERM--UNCONTROLLED
Uncontrolled term მუნიციპალური მმართველობა საქართველოში
942 ## - ADDED ENTRY ELEMENTS (KOHA)
Koha item type წიგნი
ეგზემპლარები
Withdrawn status Lost status Damaged status Not for loan Date acquired Barcode Date last seen Price effective from Koha item type
        2018-12-17 1077 2018-12-17 2018-12-17 წიგნი
        2018-12-17 1000 2018-12-17 2018-12-17 წიგნი